| 000 | 01182nam a2200241Ia 4500 | ||
|---|---|---|---|
| 003 | Ost | ||
| 005 | 20260507074903.0 | ||
| 008 | 260507s9999||||xx |||||||||||||| ||und|| | ||
| 040 | _cfsecg | ||
| 041 | _aara | ||
| 082 | _a350 | ||
| 100 |
_aالفاعوري، رفعت عبد الحليم _eمؤلف |
||
| 245 | 0 |
_aإدارة الإبداع التنظيمي / _c رفعت عبد الحليم الفاعوري |
|
| 260 |
_aالقاهرة: _bالمنظمة العربية للتنمية الإدارية, _c2005 |
||
| 300 |
_a258 صفحة؛ _bإيضاحات ؛ _c23 سم |
||
| 490 |
_aسلسلة بحوث ودراسات _v404 |
||
| 520 | _aيضم الرؤية والمفهوم، إدارة المعرفة، المنظمة المتعلقة والإبداع، التعلم والتفكير التنظيمي، الإبداع وثقافة المؤسسة وبيئتها، الإبداع والإشباع، نماذج تشجيع ورعاية الإبداع والتميز في الوطن العربي | ||
| 653 | _aالإبتكار | ||
| 653 | _aالإبداع | ||
| 653 | _aالإبداع- الإدارة | ||
| 653 | _aالإبداع- الوطن العربي | ||
| 942 | _cكتاب | ||
| 999 |
_c41667 _d41667 |
||